000 00387nam a2200157Ia 4500
008 220805s9999 xx 000 0 und d
020 _a8172290721
041 _aeng
082 _a294.5
100 _aGandhi,M.K.
_989929
260 _bNavjivan Publishing house
_c1959
245 _aThe massage of the Gita
300 _a56
650 _aBhagavatgita
_989930
650 _aReligion
_989931
999 _c49381
_d49381